01590 a2200205 4500003000500000005001700005040000900022082001700031100003300048245008000081250001100161260003200172300003700204505092100241600003201162650003401194942001201228999001901240952012501259Nust20221123141542.0 cNust a621.3813,BRO aBronwell, Arthur B.9103438 aTheory and application of microwaves /cArthur B. Bronwell & Robert E. Beam a1st ed aNew YorkbMcGraw-Hillc1947 axv, 470 p.billuscdiagrse24 cm aIntroduction (Page-1), Charges in Electric Fields(page-6), Current , Power and Energy Relationships (page-27) The Physical Basis of Equivalent Circuits (Page-43), Negative – Grid Triode Oscillators and Amplifiers (Page-60), Transit-time Oscillators (Pae-74), Magnetron Oscillators (Page-112), Transmission –line Equations (Page-146), Graphical Solution of Transmission –line problems (Page-164), Transmissions – line Networks (Page-176), Transmitting and Receiving Systems (Page-213), Pulsed Systems Radar (Page-237), Maxwell’s Equations (Page-247), Propagation and Reflection of Plane Waves (Page-265), Solution of Electromagnetic – Field Problems (Page-293), Wave Guide (Page-318) Impedance Discontinuities in Guides Resonators (Page-357), Applications of Wave Guide and Resonators (Page-384), Linear Antennas and Arrays (Page-400), Impedance of Antennas (Page-424) Other Radiating Systems (Page-437).  aBronwell Arthur B.9103439 aTelecommunication Engineering 2ddccBK c181843d181843 00102ddc4070aMCSbMCScGENd2016-12-12o621.3813,BROpMCS6696r2016-12-08w2016-12-12yBKzAlmirah No.32, Shelf No.2